|
|
|
|
| LEADER |
00000nab#a22000007a#4500 |
| 001 |
arbauad029993 |
| 003 |
AR-BaUAD |
| 005 |
20250711112423.0 |
| 008 |
980213|||||||||###||||||b###|0###a|spa|| |
| 040 |
|
|
|a AR-BaUAD
|c AR-BaUAD
|b spa
|
| 100 |
|
|
|a Mutti, Roberta
|
| 245 |
|
|
|a Dedar :
|b un'offerta diversificata /
|c Roberta Mutti;
|
| 300 |
0 |
|
|b fot.
|
| 653 |
|
|
|a ITALIA
|
| 653 |
|
|
|a DEDAR
|
| 653 |
|
|
|a TELAS DE TAPICERIA
|
| 653 |
|
|
|a DISEÑO TEXTIL
|
| 773 |
0 |
|
|t INTERNI
|g no. 446 [dic. 1994], p. 98-99
|
| 942 |
|
|
|c ARTI
|
| 952 |
|
|
|0 0
|1 0
|4 0
|7 0
|9 74912
|a AR-BAuAD
|b AR-BAuAD
|d 2025-07-11
|l 0
|p AAQA029993
|r 2025-07-11 11:24:23
|w 2025-07-11
|y ARTI
|
| 990 |
|
|
|a DT199
|b TD
|
| 998 |
|
|
|a AAQ
|b BIBUN76
|
| 999 |
|
|
|c 54585
|d 54585
|